[Event "San Salvador zt 2.3"]
[Site "San Salvador"]
[Date "2017.05.27"]
[Round "3"]
[White "Medrano, Camilo"]
[Black "Garcia Mendez, Alcira Guadalupe"]
[Result "1/2-1/2"]
[WhiteElo "1544"]
[BlackElo "1765"]
[PlyCount "151"]
[EventDate "2017.05.26"]
[EventType "swiss"]
[EventRounds "9"]
[EventCountry "ESA"]
[SourceTitle "CBM 178 Extra"]
[Source "ChessBase"]
[SourceDate "2017.06.22"]
[SourceVersion "1"]
[SourceVersionDate "2017.06.22"]
[SourceQuality "1"]

1. d4 d5 2. c4 e6 3. Nc3 c5 4. Bf4 Nc6 5. e3 Nf6 6. Nf3 Bd6 7. Bg5 Be7 8. Bd3 0-0 9. 0-0 Re8 10. Ne5 dxc4 11. Nxc6 bxc6 12. Bxc4 cxd4 13. Qxd4 Qxd4 14. exd4 h6 15. Bh4 g5 16. Bg3 Nd5 17. Rac1 Nb6 18. Be2 Bd7 19. f4 c5 20. dxc5 Bxc5+ 21. Kh1 Be3 22. Rce1 gxf4 23. Bxf4 Bxf4 24. Rxf4 e5 25. Rh4 Kg7 26. Bh5 Re7 27. Re3 f5 28. Rg3+ Kf8 29. Bf3 e4 30. Be2 Re6 31. a4 Nxa4 32. Nxa4 Bxa4 33. Bc4 Rd8 34. h3 Red6 35. Rg8+ Ke7 36. Rg7+ Kf6 37. Rxa7 Kg5 38. Rg7+ Rg6 39. Rxg6+ Kxg6 40. Rf4 Kg5 41. Rf1 Rd2 42. b3 Bc6 43. Re1 f4 44. Re2 Rd1+ 45. Kh2 h5 46. b4 Rd4 47. b5 Bb7 48. Bf7 f3 49. gxf3 exf3 50. Rf2 h4 51. Be8 Kf4 52. Bc6 Bxc6 53. bxc6 Rc4 54. Ra2 Rxc6 55. Ra4+ Kg5 56. Ra5+ Kh6 57. Kg1 Rg6+ 58. Kf2 Rg3 59. Ra6+ Kg5 60. Ra5+ Kf4 61. Ra4+ Kg5 62. Ra5+ Kg6 63. Ra6+ Kf5 64. Ra5+ Ke6 65. Ra6+ Kd5 66. Ra5+ Kc6 67. Ra6+ Kb5 68. Rf6 Rxh3 69. Rxf3 Rh2+ 70. Kg1 Rc2 71. Rf4 h3 72. Rh4 Rg2+ 73. Kh1 Rg3 74. Kh2 Rd3 75. Rxh3 Rxh3+ 76. Kxh3 1/2-1/2

[Event "San Salvador zt 2.3"]
[Site "San Salvador"]
[Date "2017.05.26"]
[Round "1"]
[White "Lorne, Ras Malaku"]
[Black "Medrano, Camilo"]
[Result "1-0"]
[WhiteElo "2128"]
[BlackElo "1544"]
[PlyCount "109"]
[EventDate "2017.05.26"]
[EventType "swiss"]
[EventRounds "9"]
[EventCountry "ESA"]
[SourceTitle "CBM 178 Extra"]
[Source "ChessBase"]
[SourceDate "2017.06.22"]
[SourceVersion "1"]
[SourceVersionDate "2017.06.22"]
[SourceQuality "1"]

1. Nf3 Nf6 2. c4 d5 3. cxd5 Nxd5 4. d4 Bg4 5. Ne5 Nf6 6. Qb3 Be6 7. Qxb7 Bd5 8. Qb5+ Nbd7 9. Nc3 a6 10. Qa4 Bb7 11. Qb3 Nxe5 12. dxe5 Bd5 13. Qa4+ c6 14. exf6 exf6 15. Bf4 Be6 16. Qxc6+ Bd7 17. Qe4+ Be7 18. Bd6 Rc8 19. Qxe7+ Qxe7 20. Bxe7 Kxe7 21. e4 Rb8 22. b3 Bb5 23. Bxb5 axb5 24. 0-0-0 Rhc8 25. Kb2 Kf8 26. Rd4 Re8 27. Rhd1 f5 28. exf5 b4 29. Nd5 Re2+ 30. R1d2 Rbe8 31. Nxb4 R2e5 32. g4 h5 33. h3 hxg4 34. hxg4 Re4 35. Nc6 Rxd4 36. Rxd4 Kg8 37. Rd8 Kf8 38. Rxe8+ Kxe8 39. b4 Kd7 40. b5 Kc7 41. a4 Kb6 42. Kb3 Kc5 43. Nd8 g6 44. Nxf7 gxf5 45. gxf5 Kd5 46. b6 Ke4 47. b7 Kxf5 48. b8Q Ke6 49. a5 Kxf7 50. Qb6 Ke7 51. a6 Kd7 52. a7 Ke7 53. a8Q Kd7 54. Qaa7+ Kc8 55. Qbc7# 1-0